[Event "Ladder 2"]
[Site "Gatineau CAN"]
[Date "2022.04.05"]
[Round "5"]
[White "Azar, Sebastien"]
[Black "Guimond, Michel"]
[Result "0-1"]
[WhiteElo "1920"]
[BlackElo "1920"]
[PlyCount "42"]
[EventDate "2022.03.01"]
[EventType "swiss"]
[EventRounds "6"]
[EventCountry "CAN"]

1. e4 e6 2. d4 d5 3. Nc3 Bb4 4. Bd2 Nf6 5. e5 Bxc3 6. Bxc3 Ne4 7. Bb4 c5 8.
dxc5 Nc6 9. Bb5 O-O 10. Bxc6 bxc6 11. Qd4 Qg5 12. g3 f6 13. exf6 Rxf6 14. f4
Qg4 15. Ne2 Ba6 16. Qe3 e5 17. Rf1 exf4 18. Qf3 Qxf3 19. Rxf3 Raf8 20. Ra3 f3
21. Rxa6 fxe2 0-1

[Event "Ladder 2"]
[Site "Gatineau CAN"]
[Date "2022.04.05"]
[Round "5"]
[White "Blais, Robert"]
[Black "Fang, Zhou"]
[Result "0-1"]
[WhiteElo "1629"]
[BlackElo "1704"]
[PlyCount "48"]
[EventDate "2022.03.01"]
[EventType "swiss"]
[EventRounds "6"]
[EventCountry "CAN"]
[TimeControl "90/30:0"]

1. e4 c5 2. Nf3 Nc6 3. c4 e5 4. Nc3 d6 5. d3 Bg4 6. Be2 Nge7 7. O-O a6 8. Nh4
Bxe2 9. Qxe2 Nd4 10. Qg4 g6 11. f4 h5 12. Qg3 b5 13. fxe5 b4 14. exd6 Nec6 15.
Rxf7 bxc3 16. d7+ Qxd7 17. Rxf8+ Rxf8 18. Qxg6+ Qf7 19. Qxf7+ Rxf7 20. Nf5 Nxf5
21. exf5 c2 22. Be3 Rxf5 23. Rc1 O-O-O 24. Rxc2 Rxd3 0-1

[Event "Ladder 2"]
[Site "Gatineau CAN"]
[Date "2022.04.05"]
[Round "5"]
[White "Fiset, Anais Chloe"]
[Black "Bastien, Andre"]
[Result "0-1"]
[WhiteElo "1758"]
[BlackElo "1764"]
[PlyCount "75"]
[EventDate "2022.03.01"]
[EventType "swiss"]
[EventRounds "6"]
[EventCountry "CAN"]

1. e4 e5 2. Nf3 Nc6 3. Bc4 Nf6 4. Ng5 d5 5. exd5 Na5 6. Bb5+ Bd7 7. Qe2 Bd6 8.
b4 Bxb4 9. Qxe5+ Kf8 10. Be2 Bd6 11. Qc3 b6 12. Bb2 Qe7 13. Kd1 h6 14. Nf3 Rg8
15. Qd3 a6 16. Re1 Bb5 17. Qf5 Qd7 18. Qxd7 Bxd7 19. Ne5 Bf5 20. g4 Be4 21. c4
Re8 22. f4 g5 23. fxg5 Rxg5 24. Nc6 Nxg4 25. Nxa5 Nf2+ 26. Kc1 bxa5 27. Bd4 Bd3
28. Bxf2 Bxe2 29. c5 Bxh2 30. Be3 Bd3 31. Rh1 Rg2 32. Bxh6+ Kg8 33. Nc3 Be5 34.
Kb2 Bd4 35. d6 Rb8+ 36. Kc1 cxd6 37. Nd5 f5 38. c6 0-1

[Event "Ladder 2"]
[Site "Gatineau CAN"]
[Date "2022.04.06"]
[Round "5"]
[White "Labelle, Raymond"]
[Black "Masse-Garneau, Anthony"]
[Result "1-0"]
[WhiteElo "1569"]
[BlackElo "1532"]
[PlyCount "43"]
[EventDate "2022.03.01"]
[EventType "swiss"]
[EventRounds "6"]
[EventCountry "CAN"]

1. e4 e5 2. Nf3 d6 3. h3 Nf6 4. Nc3 c6 5. d4 exd4 6. Nxd4 Be7 7. Bd3 O-O 8. O-O
b5 9. Nf5 b4 10. Nxe7+ Qxe7 11. Ne2 Nxe4 12. Nd4 Nc5 13. Re1 Qf6 14. Bf1 Ne6
15. Nf3 d5 16. Rb1 a5 17. b3 d4 18. Bc4 c5 19. Ne5 Bb7 20. Ng4 Qg6 21. Bd3 Qh5
22. Nf6+ 1-0

[Event "Ladder 2"]
[Site "Gatineau CAN"]
[Date "2022.04.05"]
[Round "5"]
[White "Latreille, Etienne"]
[Black "Fiset, Anais Chloe"]
[Result "1/2-1/2"]
[WhiteElo "1841"]
[BlackElo "1758"]
[PlyCount "54"]
[EventDate "2022.03.01"]
[EventType "swiss"]
[EventRounds "6"]
[EventCountry "CAN"]

1. e4 d5 2. exd5 Qxd5 3. Nf3 Bg4 4. Be2 Nc6 5. d4 O-O-O 6. Be3 e5 7. c4 Qa5+ 8.
Bd2 Qa6 9. d5 Bxf3 10. Bxf3 Nd4 11. b3 Ne7 12. O-O c6 13. Nc3 Kb8 14. Re1 f6
15. g3 Nxf3+ 16. Qxf3 cxd5 17. cxd5 Nxd5 18. Ne4 Nb4 19. Rec1 Nd3 20. Rc4 Nc5
21. Be3 Nxb3 22. Bxa7+ Qxa7 23. Qxb3 Rd4 24. Rb1 Rxc4 25. Qxc4 Ba3 26. Qf7 b6
27. Qe6 Kb7 1/2-1/2

[Event "Ladder 2"]
[Site "Gatineau CAN"]
[Date "2022.04.05"]
[Round "5"]
[White "Lavoie, Aren"]
[Black "Godbout, Elliott"]
[Result "0-1"]
[WhiteElo "1015"]
[BlackElo "1230"]
[PlyCount "30"]
[EventDate "2022.03.01"]
[EventType "swiss"]
[EventRounds "6"]
[EventCountry "CAN"]

1. e4 e5 2. Nf3 Nc6 3. c3 Nf6 4. d4 exd4 5. e5 Ne4 6. cxd4 Bb4+ 7. Bd2 Bxd2+ 8.
Nbxd2 d6 9. Nb3 O-O 10. Be2 Re8 11. O-O dxe5 12. Nxe5 Nxe5 13. dxe5 Rxe5 14.
Bc4 c6 15. Qd4 Re7 0-1

[Event "Ladder 2"]
[Site "Gatineau CAN"]
[Date "2022.04.05"]
[Round "5"]
[White "Lecorre, Joel"]
[Black "Brault, Jean-Francois"]
[Result "1-0"]
[WhiteElo "1528"]
[BlackElo "1492"]
[PlyCount "53"]
[EventDate "2022.03.01"]
[EventType "swiss"]
[EventRounds "6"]
[EventCountry "CAN"]

1. e4 c5 2. Nc3 g6 3. f4 Bg7 4. Nf3 Nc6 5. Bb5 Nd4 6. Nxd4 cxd4 7. Ne2 e5 8.
O-O Qb6 9. Bd3 d5 10. Kh1 Ne7 11. c3 Bg4 12. h3 Bxe2 13. Qxe2 O-O 14. exd5 Nxd5
15. fxe5 Rfe8 16. Qf3 Qe6 17. Bc4 Rad8 18. cxd4 Rd7 19. Bb5 Ree7 20. Bxd7 Rxd7
21. b3 Ne7 22. Bb2 Nf5 23. Rac1 Bh6 24. Rc8+ Kg7 25. g4 Nh4 26. Qf6+ Qxf6 27.
exf6# 1-0

[Event "Ladder 2"]
[Site "Gatineau CAN"]
[Date "2022.04.05"]
[Round "5"]
[White "Obayojie, Emmanuel"]
[Black "Rioux, Jocelyn"]
[Result "1-0"]
[WhiteElo "1350"]
[BlackElo "1602"]
[PlyCount "107"]
[EventDate "2022.03.01"]
[EventType "swiss"]
[EventRounds "6"]
[EventCountry "CAN"]

1. e4 c6 2. d4 d5 3. e5 Bf5 4. Nf3 e6 5. h3 c5 6. Bd3 Bxd3 7. Qxd3 Nc6 8. c3
cxd4 9. cxd4 Bb4+ 10. Nc3 Nge7 11. O-O O-O 12. Bg5 h6 13. Bh4 Qb6 14. a3 Bxc3
15. bxc3 Nf5 16. Rfb1 Qc7 17. Rb2 Na5 18. Rab1 b6 19. Bg3 Nxg3 20. fxg3 Rfc8
21. Rc2 Nc4 22. Rf2 Nxa3 23. Rbf1 Qxc3 24. Qd1 Nc4 25. Qb1 Ne3 26. Re1 Nf5 27.
Kh2 Nxd4 28. Nh4 Qc7 29. Qd3 Nc6 30. Qe3 Na5 31. Ref1 Nc4 32. Qf3 Nxe5 33. Qh5
f6 34. Rxf6 gxf6 35. Rxf6 Qg7 36. Qxe5 Kh7 37. Qxe6 Rf8 38. Qf5+ Kg8 39. Qe6+
Kh7 40. Rg6 Qf7 41. Rxh6+ Kg7 42. Rg6+ Kh7 43. Qg4 Kh8 44. Qh5+ Qh7 45. Rh6
Qxh6 46. Qxh6+ Kg8 47. Ng6 Rfd8 48. Ne5 Rf8 49. Qg6+ Kh8 50. Nf7+ Rxf7 51. Qxf7
a5 52. Qxd5 Ra7 53. Qd4+ Kh7 54. Qxb6 1-0

[Event "Ladder 2"]
[Site "Gatineau CAN"]
[Date "2022.04.05"]
[Round "5"]
[White "Simard, Francois"]
[Black "Simchowitz, Yves"]
[Result "1-0"]
[WhiteElo "1443"]
[BlackElo "1108"]
[PlyCount "43"]
[EventDate "2022.03.01"]
[EventType "swiss"]
[EventRounds "6"]
[EventCountry "CAN"]
[TimeControl "90/30:0"]

1. e4 e5 2. Nf3 Nc6 3. d4 exd4 4. Nxd4 Nge7 5. Nc3 g6 6. Be3 Bg7 7. Be2 d5 8.
O-O O-O 9. f4 dxe4 10. Nxc6 Nxc6 11. Nxe4 f5 12. Bc4+ Kh8 13. Ng5 Qxd1 14.
Raxd1 Bf6 15. Bc5 Be7 16. Bxe7 Nxe7 17. Rfe1 h6 18. Nf7+ Kg7 19. Rxe7 Kf6 20.
Rxc7 Be6 21. Bxe6 Kxe6 22. Rd6# 1-0

[Event "Ladder 2"]
[Site "Gatineau CAN"]
[Date "2022.04.12"]
[Round "6"]
[White "Dupont-Mageau, Nicolas"]
[Black "Latreille, Etienne"]
[Result "0-1"]
[WhiteElo "1755"]
[BlackElo "1841"]
[PlyCount "74"]
[EventDate "2022.03.01"]
[EventType "swiss"]
[EventRounds "6"]
[EventCountry "CAN"]

1. Nf3 d5 2. g3 Nf6 3. Bg2 Nbd7 4. d3 e5 5. O-O c6 6. Nbd2 Bd6 7. e4 O-O 8. h3
Re8 9. g4 Nf8 10. Nh2 Be6 11. g5 N6d7 12. Ndf3 Nc5 13. Nh4 Qd7 14. Ng4 Bxg4 15.
hxg4 dxe4 16. dxe4 Nce6 17. Nf5 Bc7 18. Qf3 Nf4 19. Bxf4 exf4 20. Rfd1 Qe6 21.
Qb3 Rab8 22. Qa3 Qe5 23. Qxa7 g6 24. Nd4 Qxg5 25. Nxc6 Qxg4 26. f3 Qe6 27. Nd4
Bb6 28. Qa4 Ra8 29. Qb4 Qc6 30. c3 Ra4 31. Qb3 Ne6 32. Rac1 Nxd4 33. cxd4 Bxd4+
34. Kh2 Qf6 35. Qxa4 Qh4+ 36. Bh3 Qg3+ 37. Kh1 Qxh3# 0-1

[Event "Ladder 2"]
[Site "Gatineau CAN"]
[Date "2022.04.12"]
[Round "6"]
[White "Fang, Zhou"]
[Black "Obayojie, Emmanuel"]
[Result "1-0"]
[WhiteElo "1704"]
[BlackElo "1350"]
[PlyCount "57"]
[EventDate "2022.03.01"]
[EventType "swiss"]
[EventRounds "6"]
[EventCountry "CAN"]

1. e4 d6 2. d4 g6 3. Bd3 Bg7 4. c3 Nf6 5. Nf3 O-O 6. Bg5 Bg4 7. Nbd2 Nc6 8. h3
Bd7 9. b4 Qc8 10. b5 Nd8 11. e5 dxe5 12. dxe5 Nd5 13. c4 h6 14. cxd5 hxg5 15.
Rb1 Bf5 16. Nc4 b6 17. g4 Bxd3 18. Qxd3 Nb7 19. Nxg5 Nc5 20. Qc2 Rd8 21. e6
fxe6 22. Qxg6 Rxd5 23. O-O Rxg5 24. Qxg5 Qb7 25. Ne5 Rf8 26. Nc6 Kh8 27. Nxe7
Rf6 28. Qh5+ Rh6 29. Qe8+ 1-0

[Event "Ladder 2"]
[Site "Gatineau CAN"]
[Date "2022.04.12"]
[Round "6"]
[White "Godbout, Elliott"]
[Black "Lecorre, Joel"]
[Result "0-1"]
[WhiteElo "1230"]
[BlackElo "1528"]
[PlyCount "128"]
[EventDate "2022.03.01"]
[EventType "swiss"]
[EventRounds "6"]
[EventCountry "CAN"]

1. e4 e6 2. d4 d5 3. exd5 exd5 4. Bd3 Nc6 5. c3 Bd6 6. h3 Nge7 7. Nf3 Bf5 8.
O-O O-O 9. Bxf5 Nxf5 10. Qd3 Qd7 11. Re1 Rfe8 12. Be3 Nxe3 13. Rxe3 Rxe3 14.
fxe3 Re8 15. Nbd2 Ne7 16. e4 dxe4 17. Nxe4 Ng6 18. Nxd6 Qxd6 19. Qb5 c6 20.
Qxb7 Rb8 21. Qxa7 Rxb2 22. Qa8+ Nf8 23. Ne5 Qd5 24. Nf3 Qc4 25. Ne5 Qxc3 26.
Qxc6 Qxd4+ 27. Kh1 Qxe5 28. a4 Rxg2 29. Kxg2 Qxa1 30. Qb5 g6 31. a5 Ne6 32. a6
Nc7 33. Qb8+ Kg7 34. Qxc7 Qxa6 35. Qc3+ Qf6 36. Qe3 h6 37. Qe4 Qe6 38. Qd4+ Kh7
39. Qf2 Qd5+ 40. Kh2 g5 41. Qc2+ Kg7 42. Qc3+ f6 43. Qc7+ Kg6 44. Qc8 Qe5+ 45.
Kg2 Qe2+ 46. Kg3 Qe3+ 47. Kg2 Qe4+ 48. Kh2 h5 49. Qg8+ Kf5 50. Qh7+ Kf4 51.
Qxh5 Qc2+ 52. Kg1 Qc1+ 53. Kg2 Qc6+ 54. Kf2 Qc2+ 55. Kg1 Qf5 56. h4 Qg4+ 57.
Qxg4+ Kxg4 58. hxg5 Kxg5 59. Kf2 Kg4 60. Kg2 f5 61. Kf2 Kf4 62. Kf1 Kf3 63. Ke1
Kg2 64. Ke2 f4 0-1

[Event "Ladder 2"]
[Site "Gatineau CAN"]
[Date "2022.04.12"]
[Round "6"]
[White "Guimond, Michel"]
[Black "Azar, Sebastien"]
[Result "1/2-1/2"]
[WhiteElo "1920"]
[BlackElo "1920"]
[PlyCount "20"]
[EventDate "2022.03.01"]
[EventType "swiss"]
[EventRounds "6"]
[EventCountry "CAN"]

1. e4 c5 2. Nf3 d6 3. d4 cxd4 4. Nxd4 Nf6 5. Nc3 Nc6 6. Bg5 e6 7. Qd2 a6 8.
O-O-O Bd7 9. f4 b5 10. Bxb5 axb5 1/2-1/2

[Event "Ladder 2"]
[Site "Gatineau CAN"]
[Date "2022.04.12"]
[Round "6"]
[White "Masse-Garneau, Anthony"]
[Black "Labelle, Raymond"]
[Result "1-0"]
[WhiteElo "1532"]
[BlackElo "1569"]
[PlyCount "101"]
[EventDate "2022.03.01"]
[EventType "swiss"]
[EventRounds "6"]
[EventCountry "CAN"]

1. e4 e6 2. d4 d5 3. Nd2 dxe4 4. Nxe4 Nf6 5. Bd3 Nxe4 6. Bxe4 Bd6 7. Nf3 h6 8.
O-O O-O 9. c4 Nd7 10. c5 Be7 11. Qb3 c6 12. Bf4 Nf6 13. Bc2 Nd5 14. Bg3 b6 15.
cxb6 axb6 16. Rfd1 Bd6 17. Be4 Bxg3 18. hxg3 Qc7 19. Rac1 Bb7 20. Ne5 Rfc8 21.
a3 c5 22. Bxd5 Bxd5 23. Qc3 Qb7 24. f3 cxd4 25. Qxd4 Rd8 26. Qf2 Bb3 27. Rxd8+
Rxd8 28. Qe3 Bd5 29. Nd3 b5 30. Nb4 Qa8 31. Rd1 Re8 32. Nxd5 exd5 33. Qc5 Qb8
34. Kh2 Re2 35. b3 Rb2 36. Qxd5 Qb6 37. Qd8+ Qxd8 38. Rxd8+ Kh7 39. Rd3 Ra2 40.
Rd5 Rxa3 41. Rxb5 Kg6 42. Rb7 Kf6 43. b4 Ke6 44. b5 Rb3 45. b6 g6 46. g4 Rb5
47. Kg3 g5 48. Rb8 Kf6 49. b7 Rb4 50. Kf2 Ke6 51. Re8+ 1-0

[Event "Ladder 2"]
[Site "Gatineau CAN"]
[Date "2022.04.12"]
[Round "6"]
[White "Raymond, Daniel"]
[Black "Seguin, Hubert"]
[Result "1-0"]
[WhiteElo "1762"]
[BlackElo "1541"]
[PlyCount "67"]
[EventDate "2022.03.01"]
[EventType "swiss"]
[EventRounds "6"]
[EventCountry "CAN"]

1. e4 c5 2. Nf3 d6 3. d4 cxd4 4. Nxd4 Nc6 5. Nc3 g6 6. Be2 Bg7 7. Nb3 Nf6 8.
O-O O-O 9. Bg5 h6 10. Be3 e6 11. Qd2 Kh7 12. Rad1 Ne8 13. f4 a6 14. a4 Bxc3 15.
Qxc3 Qc7 16. a5 Qe7 17. e5 f6 18. exd6 Nxd6 19. Bc5 Rd8 20. Qd3 Qf7 21. Bxd6
Nb4 22. Qc4 Nd5 23. Bc5 Bd7 24. Bf3 Bb5 25. Qe4 Bxf1 26. Rxf1 e5 27. fxe5 fxe5
28. Qxe5 Nf6 29. Bg4 Kg7 30. Bd4 Rxd4 31. Nxd4 Re8 32. Ne6+ Rxe6 33. Bxe6 Qe7
34. Re1 1-0

[Event "Ladder 2"]
[Site "Gatineau CAN"]
[Date "2022.04.12"]
[Round "6"]
[White "Rioux, Jocelyn"]
[Black "Blais, Robert"]
[Result "0-1"]
[WhiteElo "1602"]
[BlackElo "1629"]
[PlyCount "94"]
[EventDate "2022.03.01"]
[EventType "swiss"]
[EventRounds "6"]
[EventCountry "CAN"]

1. d4 d5 2. Bf4 Nf6 3. e3 Bf5 4. Bd3 Bg6 5. Nf3 Nc6 6. Nc3 e6 7. O-O Bd6 8. Bg3
a6 9. Qe2 Bh5 10. a3 e5 11. dxe5 Bxe5 12. Qd2 Bxf3 13. gxf3 g5 14. Rfe1 h5 15.
f4 h4 16. fxe5 hxg3 17. exf6 Rxh2 18. Re2 Ne5 19. Be4 dxe4 20. Qxd8+ Rxd8 21.
fxg3 Nf3+ 22. Kf1 Rh1+ 23. Kg2 Rxa1 24. Nxe4 g4 25. Nc3 Kd7 26. e4 Rh8 27. Kf2
Rh2+ 28. Ke3 Rxe2+ 29. Kxe2 Rg1 30. Kf2 Rc1 31. Ke3 Rxc2 32. Kf4 Rxb2 33. Kxg4
Ke6 34. Nd5 Ne5+ 35. Kg5 c6 36. Nf4+ Kd7 37. g4 c5 38. Kf5 Nxg4 39. Kxg4 c4 40.
e5 c3 41. Kg5 c2 42. Nd3 Rb1 43. Kh6 c1=Q+ 44. Nxc1 Rxc1 45. Kg7 Ke6 46. a4 Rc5
47. Kf8 Rxe5 0-1

[Event "Ladder 2"]
[Site "Gatineau CAN"]
[Date "2022.04.12"]
[Round "6"]
[White "Simchowitz, Yves"]
[Black "Arcand, Pierre"]
[Result "0-1"]
[WhiteElo "1108"]
[BlackElo "1272"]
[PlyCount "69"]
[EventDate "2022.03.01"]
[EventType "swiss"]
[EventRounds "6"]
[EventCountry "CAN"]

1. e4 e5 2. Nf3 Nc6 3. Bb5 d6 4. d4 Bd7 5. c4 a6 6. Bxc6 Bxc6 7. d5 Bd7 8. Nc3
Bg4 9. h3 Bh5 10. g4 Bg6 11. Be3 Nf6 12. Qd2 Nxe4 13. Nxe4 Bxe4 14. Qe2 Be7 15.
O-O h6 16. Bxh6 Bxf3 17. Qxf3 Rxh6 18. g5 Bxg5 19. Qg4 Rh4 20. Qg3 Rxc4 21.
Rae1 Bh6 22. f4 f6 23. Qg6+ Kf8 24. Qh7 Rxf4 25. Rxf4 Bxf4 26. Qh8+ Kf7 27.
Qh5+ Ke7 28. Qg6 Qf8 29. Re2 Qf7 30. Qg4 Rh8 31. Rc2 Kd8 32. Rg2 g5 33. Qf5 Rh6
34. h4 Rxh4 35. Kf2 0-1

[Event "Ladder 2 U1400"]
[Site "Gatineau CAN"]
[Date "2022.03.01"]
[Round "1"]
[White "Boutin, Michel"]
[Black "Piche, Danielle"]
[Result "1-0"]
[WhiteElo "1105"]
[BlackElo "1132"]
[PlyCount "39"]
[EventDate "2022.03.01"]
[EventType "swiss"]
[EventRounds "6"]
[EventCountry "CAN"]

1. e4 e5 2. Nf3 Nc6 3. Bb5 Nf6 4. Nc3 Bb4 5. d3 d6 6. a3 Ba5 7. O-O O-O 8. b4
Bb6 9. Be3 Nd4 10. Bxd4 exd4 11. Nd5 Nxd5 12. exd5 Re8 13. a4 c6 14. dxc6 a6
15. cxb7 Bxb7 16. Bxe8 Qxe8 17. Re1 Qc6 18. a5 Bd8 19. Re4 Qc3 20. Re8# 1-0

[Event "Ladder 2 U1400"]
[Site "Gatineau CAN"]
[Date "2022.03.01"]
[Round "1"]
[White "Lavoie, Aren"]
[Black "Poirier, Simon"]
[Result "1-0"]
[WhiteElo "1015"]
[BlackElo "1129"]
[PlyCount "53"]
[EventDate "2022.03.01"]
[EventType "swiss"]
[EventRounds "6"]
[EventCountry "CAN"]

1. e4 c5 2. Nf3 Nc6 3. d4 cxd4 4. Nxd4 e5 5. Nf3 Bc5 6. Bc4 Nf6 7. Bg5 Qb6 8.
Bxf6 Bxf2+ 9. Kf1 gxf6 10. Nc3 Qxb2 11. Nd5 Bb6 12. Nxf6+ Ke7 13. Nd5+ Kd8 14.
Ng5 Ke8 15. Rb1 Qd4 16. Qxd4 Nxd4 17. Rxb6 axb6 18. Nc7+ Ke7 19. Nxa8 Nxc2 20.
Kg1 f6 21. Nf7 Rf8 22. Nxb6 Rxf7 23. Bxf7 Kxf7 24. Nxc8 b5 25. Nd6+ Ke6 26.
Nxb5 d5 27. Nc7+ 1-0

[Event "Ladder 2 U1400"]
[Site "Gatineau CAN"]
[Date "2022.03.01"]
[Round "1"]
[White "Roussel-Lewis, Mathieu"]
[Black "Arcand, Pierre"]
[Result "0-1"]
[WhiteElo "1076"]
[BlackElo "1281"]
[PlyCount "74"]
[EventDate "2022.03.01"]
[EventType "swiss"]
[EventRounds "6"]
[EventCountry "CAN"]

1. e4 e5 2. Nf3 Nc6 3. Bb5 d6 4. d4 exd4 5. Nxd4 Bd7 6. Nxc6 Bxc6 7. Bxc6+ bxc6
8. Nc3 Nf6 9. O-O Be7 10. Re1 O-O 11. Bf4 h6 12. e5 dxe5 13. Bxe5 Bd6 14. Bxd6
cxd6 15. a4 d5 16. b4 Qc7 17. h3 Rad8 18. Qf3 Rfe8 19. Rad1 Qb7 20. b5 cxb5 21.
Rxe8+ Rxe8 22. Nxd5 Nxd5 23. Rxd5 bxa4 24. Rd8 Qb1+ 25. Qd1 Qxd1+ 26. Rxd1 Rc8
27. Ra1 Rc4 28. Ra3 Kf8 29. Kf1 Rxc2 30. Rxa4 Rc7 31. Re4 Re7 32. Rxe7 Kxe7 33.
Ke2 Ke6 34. f4 f5 35. g4 fxg4 36. hxg4 Kd5 37. Kd3 a5 0-1

[Event "Ladder 2 U1400"]
[Site "Gatineau CAN"]
[Date "2022.03.15"]
[Round "2"]
[White "Arcand, Pierre"]
[Black "Lavoie, Aren"]
[Result "0-1"]
[WhiteElo "1281"]
[BlackElo "1015"]
[PlyCount "103"]
[EventDate "2022.03.01"]
[EventType "swiss"]
[EventRounds "6"]
[EventCountry "CAN"]

1. e4 e5 2. Nf3 Nc6 3. Bb5 a6 4. Bxc6 dxc6 5. h3 Nf6 6. d3 Bd6 7. Bg5 Be6 8.
O-O Qd7 9. Nc3 h6 10. Bh4 g5 11. Bg3 g4 12. Nxe5 Bxe5 13. Bxe5 Ke7 14. h4 Rhg8
15. g3 Nh5 16. Re1 f6 17. Bf4 Nxf4 18. gxf4 Rae8 19. f5 Bf7 20. Qd2 h5 21. Kh1
Qd4 22. Qe3 Qxe3 23. Rxe3 Kd6 24. Rg1 Ke5 25. Reg3 c5 26. a3 b5 27. b4 c4 28.
dxc4 Bxc4 29. Rd1 Rd8 30. Re3 Rxd1+ 31. Nxd1 Rd8 32. Nb2 Rd4 33. Nd3+ Bxd3 34.
cxd3 a5 35. bxa5 Ra4 36. Re1 Rxa3 37. Rc1 Rxd3 38. Rc5+ Kxe4 39. Rxb5 Kf3 40.
Rb2 Rd1+ 41. Kh2 Ra1 42. Rc2 Rxa5 43. Rxc7 Ra2 44. Rf7 Rxf2+ 45. Kg1 Kg3 46.
Rxf6 Rf3 47. Rh6 Rxf5 48. Rh8 Rd5 49. Rf8 Rd1+ 50. Rf1 Rxf1+ 51. Kxf1 Kh2 52.
Kf2 0-1

[Event "Ladder 2 U1400"]
[Site "Gatineau CAN"]
[Date "2022.03.16"]
[Round "2"]
[White "Piche, Danielle"]
[Black "Hamon, Vincent"]
[Result "0-1"]
[WhiteElo "1132"]
[BlackElo "1220"]
[PlyCount "86"]
[EventDate "2022.03.01"]
[EventType "swiss"]
[EventRounds "6"]
[EventCountry "CAN"]

1. e4 c6 2. Nc3 d5 3. Nf3 dxe4 4. Nxe4 Nf6 5. d3 Nxe4 6. dxe4 Qxd1+ 7. Kxd1 Bg4
8. Be2 e6 9. h3 Bh5 10. g4 Bg6 11. Ne5 Bxe4 12. Rf1 Bd6 13. Bf4 f6 14. Nd3 e5
15. Be3 O-O 16. f3 Bg6 17. Nc5 Bxc5 18. Bxc5 Rd8+ 19. Ke1 Bxc2 20. Kf2 Nd7 21.
Ba3 Nf8 22. Rh1 Bd3 23. Bd1 Ne6 24. Bb3 Kf7 25. Rad1 b5 26. Rc1 Rac8 27. h4 a5
28. Bc2 Bxc2 29. Rxc2 b4 30. Bxb4 axb4 31. a3 bxa3 32. bxa3 Nd4 33. Ra2 Rd7 34.
Rb1 Ra7 35. h5 h6 36. Ke3 Rca8 37. Rba1 Nb3 38. Rb1 Rxa3 39. Rxa3 Rxa3 40. Rd1
Nd4+ 41. Ke4 Rxf3 42. Re1 Rf4+ 43. Ke3 Nc2+ 0-1

[Event "Ladder 2 U1400"]
[Site "Gatineau CAN"]
[Date "2022.03.15"]
[Round "2"]
[White "Rioux, Dany"]
[Black "Boutin, Michel"]
[Result "0-1"]
[WhiteElo "1081"]
[BlackElo "1105"]
[PlyCount "92"]
[EventDate "2022.03.01"]
[EventType "swiss"]
[EventRounds "6"]
[EventCountry "CAN"]

1. e4 c5 2. Nc3 Nc6 3. Nf3 e5 4. Bc4 d6 5. O-O Nge7 6. d3 Ng6 7. Be3 Bg4 8. Nd5
Nh4 9. Bg5 Nxf3+ 10. Qxf3 Qd7 11. Qg3 Rc8 12. Rae1 Nd4 13. Ne3 Be2 14. c3 Bxf1
15. Rxf1 Ne2+ 16. Kh1 Nxg3+ 17. fxg3 f6 18. Bxf6 gxf6 19. Rxf6 Be7 20. Nd5 Rf8
21. Rxf8+ Kxf8 22. Ne3 Qa4 23. h4 b5 24. Bb3 Qa5 25. a3 b4 26. cxb4 cxb4 27. a4
Rc1+ 28. Nd1 Rxd1+ 29. Bxd1 b3 30. Bxb3 Qe1+ 31. Kh2 Qe3 32. Be6 Qxd3 33. b4
Qxe4 34. b5 Qxa4 35. Bd5 Qxb5 36. Be4 a5 37. Bxh7 a4 38. Bf5 a3 39. Be6 d5 40.
Bxd5 Qxd5 41. Kh3 a2 42. h5 Qe6+ 43. Kh2 a1=R 44. g4 Qxg4 45. g3 Ra2+ 46. Kg1
Qd1# 0-1

[Event "Ladder 2 U1400"]
[Site "Gatineau CAN"]
[Date "2022.03.22"]
[Round "3"]
[White "Arcand, Pierre"]
[Black "Rioux, Dany"]
[Result "1-0"]
[WhiteElo "1281"]
[BlackElo "1081"]
[PlyCount "35"]
[EventDate "2022.03.01"]
[EventType "swiss"]
[EventRounds "6"]
[EventCountry "CAN"]

1. e4 e5 2. Nf3 Nc6 3. Bb5 Nf6 4. Nc3 Bc5 5. h3 O-O 6. d3 d6 7. Bg5 Bd7 8. O-O
h6 9. Bh4 a6 10. Bc4 Nd4 11. Nd5 Qc8 12. Nxf6+ gxf6 13. Nxd4 Bxd4 14. c3 Bb6
15. Bxf6 Re8 16. Qh5 Be6 17. Qxh6 Bxc4 18. Qg7# 1-0

[Event "Ladder 2 U1400"]
[Site "Gatineau CAN"]
[Date "2022.03.29"]
[Round "4"]
[White "Albert, Michel"]
[Black "Piche, Danielle"]
[Result "1-0"]
[WhiteElo "1125"]
[BlackElo "1132"]
[PlyCount "78"]
[EventDate "2022.03.01"]
[EventType "swiss"]
[EventRounds "6"]
[EventCountry "CAN"]
[TimeControl "60/30:0"]

1. d4 d5 2. Nf3 Nc6 3. c3 Nf6 4. Bf4 Bf5 5. e3 e6 6. Nbd2 Be7 7. Be2 O-O 8. Nh4
Nh5 9. Bg3 Nxg3 10. hxg3 Na5 11. Ndf3 Bd6 12. Nh2 c6 13. Bg4 Qf6 14. f4 Nc4 15.
Bxf5 exf5 16. O-O Nxb2 17. Qb1 Nc4 18. g4 fxg4 19. g3 Nxe3 20. Re1 Nc4 21. Nxg4
Qd8 22. Nf2 Qa5 23. Nf5 Bc7 24. Nh3 Qxc3 25. Ng5 g6 26. Nh6+ Kg7 27. Ng4 Qxd4+
28. Kg2 Qd2+ 29. Nf2 Ne3+ 30. Kf3 Rae8 31. Qxb7 Bd8 32. Re2 Qd4 33. Rae1 Bxg5
34. Rxe3 Rxe3+ 35. Rxe3 Qd1+ 36. Nxd1 Rd8 37. Qxc6 d4 38. Rd3 h5 39. fxg5 h4
1-0

[Event "Ladder 2 U1400"]
[Site "Gatineau CAN"]
[Date "2022.03.29"]
[Round "4"]
[White "Roussel-Lewis, Mathieu"]
[Black "Boutin, Michel"]
[Result "1-0"]
[WhiteElo "1076"]
[BlackElo "1105"]
[PlyCount "71"]
[EventDate "2022.03.01"]
[EventType "swiss"]
[EventRounds "6"]
[EventCountry "CAN"]

1. e4 Nc6 2. d4 e5 3. Nf3 d6 4. dxe5 dxe5 5. Qxd8+ Kxd8 6. Bc4 Be6 7. Bxe6 fxe6
8. a3 Be7 9. Be3 h6 10. Nc3 a6 11. O-O-O+ Ke8 12. h4 Nf6 13. Ng5 hxg5 14. hxg5
Nh7 15. g6 Kf8 16. Rxh7 Kg8 17. Rdh1 Rxh7 18. gxh7+ Kh8 19. f4 Rf8 20. fxe5
Nxe5 21. Bd4 Bg5+ 22. Kd1 Nf7 23. Ne2 e5 24. Bc3 Rd8+ 25. Ke1 Bh6 26. g4 g5 27.
Bxe5+ Kxh7 28. Bxc7 Rc8 29. Ba5 Rxc2 30. Bc3 Kg6 31. Kd1 Rxe2 32. Kxe2 Bf8 33.
Rf1 b5 34. Rf6+ Kg7 35. Rxa6+ Kg8 36. e5 1-0

[Event "Ladder 2 U1400"]
[Site "Gatineau CAN"]
[Date "2022.03.29"]
[Round "4.19"]
[White "Lavoie, Aren"]
[Black "Arcand, Pierre"]
[Result "0-1"]
[WhiteElo "1015"]
[BlackElo "1281"]
[PlyCount "83"]
[EventDate "2022.03.01"]
[EventType "swiss"]
[EventRounds "6"]
[EventCountry "CAN"]

1. e4 e5 2. Nf3 Nc6 3. c3 Nf6 4. d4 exd4 5. e5 Nd5 6. cxd4 Bb4+ 7. Bd2 Bxd2+ 8.
Qxd2 O-O 9. Bc4 Nb6 10. Bb3 d6 11. O-O dxe5 12. d5 Ne7 13. Nxe5 Nexd5 14. Rd1
Be6 15. Nc3 Nxc3 16. Qxc3 Qe7 17. Rac1 Bxb3 18. axb3 c6 19. Re1 Qf6 20. Re3 Nd5
21. Nd7 Qxc3 22. bxc3 Nxe3 23. Nxf8 Nxg2 24. Nxh7 Nf4 25. Nf6+ gxf6 26. Re1 Kf8
27. Re4 Nh3+ 28. Kg2 Ng5 29. Rh4 Ke7 30. Rf4 Rg8 31. Rg4 Rg6 32. h4 Ne4 33. Kf3
Rxg4 34. Kxg4 Nxf2+ 35. Kf5 Nd3 36. h5 Ne5 37. h6 Ng6 38. h7 b5 39. b4 Nh8 40.
Ke4 Ke6 41. Kf4 f5 42. Kg5 0-1

[Event "Ladder 2 U1400"]
[Site "Gatineau CAN"]
[Date "2022.04.05"]
[Round "5"]
[White "Albert, Michel"]
[Black "Roussel-Lewis, Mathieu"]
[Result "0-1"]
[WhiteElo "1125"]
[BlackElo "1076"]
[PlyCount "80"]
[EventDate "2022.03.01"]
[EventType "swiss"]
[EventRounds "6"]
[EventCountry "CAN"]
[TimeControl "60/30:0"]

1. d4 d5 2. Nf3 Bf5 3. Bf4 e6 4. e3 a6 5. c3 Bd6 6. Bg3 c5 7. Nbd2 Nc6 8. Ne5
Bxe5 9. dxe5 Nge7 10. Nf3 Ng6 11. Be2 Be4 12. h4 Bxf3 13. Bxf3 Ngxe5 14. Be2
Qb6 15. O-O Qxb2 16. Rb1 Qxc3 17. Qa4 b5 18. Bxb5 O-O 19. Be2 Rfb8 20. Rfc1
Rxb1 21. Rxb1 h6 22. Kh2 Nb4 23. Bh5 Nc4 24. Qd1 Qc2 25. Qf3 Ra7 26. Rg1 Nxa2
27. Bf4 Nd2 28. Qg3 Ne4 29. Qg4 Nf6 30. Qg3 Nxh5 31. Qg4 Nxf4 32. exf4 Rb7 33.
f5 exf5 34. Qf3 Rb1 35. Rxb1 Qxb1 36. Qxd5 Qc2 37. Qa8+ Kh7 38. Qf3 a5 39. Kh3
Qe4 40. Qd1 Qg4+ 0-1